000 00635nam a22001697a 4500
999 _c2762
_d2762
008 150730b xxu||||| |||| 00| 0 eng d
020 _a0521786452
050 _aRC 537 .S735 2000
100 _aStahl,Stephen M.
245 _aEssential psychopharmacology of depression and biopolar disorder/
_cStephen M.Stahl
260 _aCambridge :
_bCambridge University Press,
_c2000.
300 _ax,175p.:
_bill.;
_c25cm.
521 _aIncludes bibliographical reference and index.
650 _aDepression,mental-chemotherapy.
650 _aManic-depressive illness-chemotherapy.
650 _aPsychopharmacology.
942 _2lcc
_cBOOKS
_hRC 537 .S735 2000